Introduction to modern mathematics / (Record no. 180044)
[ view plain ]
| 000 -LEADER | |
|---|---|
| fixed length control field | 01192 a2200181 4500 |
| 003 - CONTROL NUMBER IDENTIFIER | |
| control field | Nust |
| 005 - DATE AND TIME OF LATEST TRANSACTION | |
| control field | 20230704133931.0 |
| 010 ## - LIBRARY OF CONGRESS CONTROL NUMBER | |
| LC control number | 6818420 |
| 040 ## - CATALOGING SOURCE | |
| Transcribing agency | Nust |
| 082 ## - DEWEY DECIMAL CLASSIFICATION NUMBER | |
| Classification number | 510,MEH |
| 100 ## - MAIN ENTRY--PERSONAL NAME | |
| Personal name | Lyle E. Mehlenbacher |
| 9 (RLIN) | 113305 |
| 245 ## - TITLE STATEMENT | |
| Title | Introduction to modern mathematics / |
| Statement of responsibility, etc. | Lyle E. Mehlenbacher |
| 260 ## - PUBLICATION, DISTRIBUTION, ETC. | |
| Place of publication, distribution, etc. | Boston, |
| Name of publisher, distributor, etc. | Prindle, Weber & Schmidt |
| Date of publication, distribution, etc. | [1968] |
| 300 ## - PHYSICAL DESCRIPTION | |
| Extent | xvi, 384 p. |
| Other physical details | illus. 24 cm. |
| 505 ## - FORMATTED CONTENTS NOTE | |
| Formatted contents note | The Mathematics Language (Page-1), The Calculus of Statements (Page-11), Universe, Sets and Boolean Algebra (Page-21), Relations, Functions and Graphs (Page-55), Rudimentary Algebras (Page-67), Geometries, Pure and Simple (Page-97), Analytic Geometry in the Cartesian Plane (Page-111), Analytic Geometry in 3-Space (Page-151), The Trigonometric Functions and the Circular Functions (Page-175), Complex Numbers (Page-207), Sets of Points (Page-221), Finite Calculus (Page-235), Calculus of Derivatives (Page-253), The Calculus of Integrals (Page-273), The Circular, Exponential Logarithmic and Hyperbolic Functions (Page-291), Zeros and Polynomials (Page-317), Mathematical bases for Borrowing and Lending Money (Page-331). |
| 650 ## - SUBJECT ADDED ENTRY--TOPICAL TERM | |
| Topical term or geographic name entry element | mathematics |
| 942 ## - ADDED ENTRY ELEMENTS (KOHA) | |
| Source of classification or shelving scheme | |
| Koha item type | Book Bank |
| Withdrawn status | Lost status | Source of classification or shelving scheme | Damaged status | Not for loan | Permanent Location | Current Location | Shelving location | Date acquired | Full call number | Barcode | Date last seen | Price effective from | Koha item type | Public note |
|---|---|---|---|---|---|---|---|---|---|---|---|---|---|---|
| Military College of Signals (MCS) | Military College of Signals (MCS) | General Stacks | 12/12/2016 | 510,MEH | MCS7662 | 12/08/2016 | 12/12/2016 | Book | Almirah No.82, Shelf No.2 |
